000 00333nam a2200145Ia 4500
008 191201s2010 xx 000 0 und d
020 _a9788182090347
100 _aLIPSCHUTZ, Seymour
245 0 _aDiscrete Mathematics
250 _a3rd
260 _c2010
_bTMH
_aN. delhi
300 _aMISC
650 _aMCA
942 _2ddc
_cBB
_064
999 _c7379
_d7379